Khảo sát thành phần Triterpen Glycosid trong hạt mướp đắng, Momordica Charantia L . Họ bầu bí (Cucurbitaceae)

Đề tài "Khảo sát thành phần Triterpen Glycosid trong hạt mướp đắng, Momordica Charantia L . Họ bầu bí (Cucurbitaceae)", Tác giả nghiên cứu thành phần hoá học của mướp đắng . Bằng phương pháp chiết xuất bởi dung môi, dùng sắc ký cột, sắc...

وصف كامل

محفوظ في:
التفاصيل البيبلوغرافية
المؤلف الرئيسي: Võ, Hồng Thái
التنسيق: كتاب
اللغة:Undetermined
منشور في: Cần Thơ Trường Đại học Cần Thơ 2003
الموضوعات:
الوسوم: إضافة وسم
لا توجد وسوم, كن أول من يضع وسما على هذه التسجيلة!
Thư viện lưu trữ: Trung tâm Học liệu Trường Đại học Cần Thơ
LEADER 01403nam a2200205Ia 4500
001 CTU_85020
008 210402s9999 xx 000 0 und d
082 |a 547.783 
082 |b Th103 
100 |a Võ, Hồng Thái 
245 0 |a Khảo sát thành phần Triterpen Glycosid trong hạt mướp đắng, Momordica Charantia L . Họ bầu bí (Cucurbitaceae) 
245 0 |c Võ Hồng Thái ; Hướng dẫn khoa học: Nguyễn Ngọc Hạnh 
260 |a Cần Thơ 
260 |b Trường Đại học Cần Thơ 
260 |c 2003 
520 |a Đề tài "Khảo sát thành phần Triterpen Glycosid trong hạt mướp đắng, Momordica Charantia L . Họ bầu bí (Cucurbitaceae)", Tác giả nghiên cứu thành phần hoá học của mướp đắng . Bằng phương pháp chiết xuất bởi dung môi, dùng sắc ký cột, sắc ký lớp mỏng và các phương pháp phổ nghiệm như IR, UV, RMN, MS để xác định cấu trúc, ...Tác giả ly trích và nhận diện được hai triterpen glycosid có trong hạt mướp đắng trồng ở khu vực thành phố Hồ Chí Minh. 
650 |a Organic chemistry 
650 |x Triterpen glycosid 
904 |i Năm, QHieu 
980 |a Trung tâm Học liệu Trường Đại học Cần Thơ